书目信息 |
| 题名: |
史学方法导论
|
|
| 作者: | 傅斯年 著 | |
| 分册: | ||
| 出版信息: | 北京 中华书局 2016 |
|
| 页数: | 185页 | |
| 开本: | 22cm | |
| 丛书名: | ||
| 单 册: | ||
| 中图分类: | K207-53 | |
| 科图分类: | ||
| 主题词: | 史学--方法论--中国--文集 | |
| 电子资源: | ||
| ISBN: | 978-7-101-11825-4 | |
| 000 | 00798nam0 2200241 450 | |
| 001 | 012001002499 | |
| 005 | 20140926114740.0 | |
| 010 | @a978-7-101-11825-4@b精装@dCNY22.00 | |
| 100 | @a20161213d2016 em y0chiy50 ea | |
| 101 | 0 | @achi |
| 102 | @aCN@b110000 | |
| 105 | @ay z 000yy | |
| 106 | @ar | |
| 200 | 1 | @a史学方法导论@9shi xue fang fa dao lun@f傅斯年著 |
| 210 | @a北京@c中华书局@d2016 | |
| 215 | @a185页@d22cm | |
| 300 | @a跟大师学国学 | |
| 330 | @a本书为傅斯年先生任教北京大学时的讲义稿。傅斯年先生不仅详细分析了各种史料的分析、鉴别与应用方法,而且强调了“史学的工作是整理史料”的一贯观点。 | |
| 606 | 0 | @a史学@x方法论@y中国@j文集 |
| 690 | @aK207-53@v5 | |
| 701 | 0 | @a傅斯年@9fu si nian@f(1896-1950)@4著 |
| 801 | 0 | @aCN@b上海新华@c20180901 |
| 905 | @b1160946-50@dK207-53@e144@f5 | |
| 史学方法导论/傅斯年著.-北京:中华书局,2016 |
| 185页;22cm |
| 跟大师学国学 |
| ISBN 978-7-101-11825-4(精装):CNY22.00 |
| 本书为傅斯年先生任教北京大学时的讲义稿。傅斯年先生不仅详细分析了各种史料的分析、鉴别与应用方法,而且强调了“史学的工作是整理史料”的一贯观点。 |
| ● |
| 相关链接 |
|
|
|
|
正题名:史学方法导论
索取号:K207-53/144
 
预约/预借
| 序号 | 登录号 | 条形码 | 馆藏地/架位号 | 状态 | 备注 |
| 1 | 1160946 | 211609464 | 第二样本阅览室/ [索取号:K207-53/144] | 在馆 | |
| 2 | 1160947 | 211609473 | 密集书库-史法系/ [索取号:K207-53/144] | 在馆 | |
| 3 | 1160948 | 211609482 | 第二借阅区/ [索取号:K207-53/144] | 在馆 | |
| 4 | 1160949 | 211609491 | 第二借阅区/ [索取号:K207-53/144] | 在馆 | |
| 5 | 1160950 | 211609507 | 第二借阅区/ [索取号:K207-53/144] | 在馆 |